Služba klientom podmienila rozhodnutie O podmienkach vzniku a ďalších zámeroch hovoríme s Reginou Ovesny-Strakovou, riaditeľkou banky Creditanstalt
Pôsobenie banky Creditanstalt na Slovensku od r.1994, ktorá je dcérskou spoločnosťou Creditanstalt Wien. Ponuka bankových služieb a cieľové skupiny klientov. Know-how banky v oblasti zahranično-obchodných operácií a v práci s klientmi. Úverová politika banky, úverové miery.
Salvato in:
| Autore principale: | |
|---|---|
| Natura: | Capitolo di libro |
| Lingua: | slovacco |
| Soggetti: | |
| Tags: |
Nessun Tag, puoi essere il primo ad aggiungerne!!
|
MARC
| LEADER | 00000naa a2200000 4500 | ||
|---|---|---|---|
| 001 | r017081 | ||
| 005 | 20221213100604.2 | ||
| 041 | 0 | |a slo | |
| 044 | |a SK | ||
| 245 | 1 | 0 | |a Služba klientom podmienila rozhodnutie |b O podmienkach vzniku a ďalších zámeroch hovoríme s Reginou Ovesny-Strakovou, riaditeľkou banky Creditanstalt |c R. Ovesny-Straková |
| 520 | |a Pôsobenie banky Creditanstalt na Slovensku od r.1994, ktorá je dcérskou spoločnosťou Creditanstalt Wien. Ponuka bankových služieb a cieľové skupiny klientov. Know-how banky v oblasti zahranično-obchodných operácií a v práci s klientmi. Úverová politika banky, úverové miery. | ||
| 610 | 2 | 0 | |a Creditanstalt, a.s. Bratislava |
| 610 | 2 | 0 | |a banky |
| 610 | 2 | 0 | |a služby bankové |
| 610 | 2 | 0 | |a úver bankový |
| 610 | 2 | 0 | |a sadzby úrokové |
| 610 | 2 | 0 | |a operácie bankové |
| 100 | 1 | |a Ovesny-Straková, R. | |